Statistics for Word Vocabulary - FR

Click here to take the quiz!

General Stats

  • This quiz has been taken 853 times
    (849 since last reset)
  • The average score is 24 of 47

Answer Stats

word% Correct
fro
99%
free
92%
from
86%
frame
80%
frat
78%
fry
78%
frail
74%
frog
73%
frill
71%
frag
69%
frap
69%
friend
69%
fret
67%
fray
66%
froe
66%
frack
64%
frank
63%
frig
62%
freeze
61%
fresh
60%
fruit
60%
frost
59%
front
57%
frock
55%
froze
55%
fritt
53%
freak
51%
franc
47%
frown
45%
froth
42%
fright
41%
fridge
40%
fringe
37%
frump
36%
freight
34%
frisk
34%
frond
34%
fraud
30%
fraught
30%
frug
22%
frizz
19%
fraise
16%
frosh
16%
frass
12%
frieze
11%
frons
9%
frowst
2%

Score Distribution

Percentile by Number Answered

Percent of People with Each Score

Your Score History

You have not taken this quiz since the last reset